000 00595nam a22002057a 4500
999 _c3271
_d3271
003 AR-CdUCM
008 190306b ||||| |||| 00| 0 spa d
040 _aMUNICIPALIDAD PROVINCIAL DEL CUSCO
_cBIBLIOTECA MUNICIPAL DEL CUSCO
082 _a869.26 /
_bC827
100 _aCortázar, Julio
_9909
245 _a62, modelo para armar /
260 _aBuenos Aires :
_bSudamericana,
_c1968.
300 _a268 páginas ;
_c18 cm.
505 _aContenido: Novela.
650 _aNovelas argentinas
_99625
650 _aSiglo XX
_98
650 _aRayuela
_910902
942 _2ddc
_cLIBROS
945 _adavv